Esportes que mais deram medalhas para o Brasil nas Olímpiadas - Statistics

Estatísticas Gerais
  • Esse quiz foi jogado 706 vezes
    681 desde o último reset
  • A pontuação média é 13 de 18
Estatísticas das Respostas
Modalidade N° de Medalhas Ouro Prata Bronze % Correto
Futebol 9 2 5 2
98%
Vôlei 11 5 4 2
97%
Vôlei de Praia 13 3 7 3
97%
Natação 17 2 4 11
91%
Ginástica Artística 6 2 3 1
90%
Judô 24 4 3 17
90%
Atletismo 19 5 3 11
88%
Basquete 5 0 1 4
82%
Skate 3 0 3 0
74%
Tênis 1 0 0 1
74%
Boxe 8 2 2 4
73%
Surfe 1 1 0 0
64%
Vela 19 8 3 8
63%
Canoagem 4 1 2 1
62%
Tiro Esportivo 4 1 2 1
61%
Hipismo 3 1 0 2
52%
Taekwondo 2 0 0 2
38%
Pentatlo Moderno 1 0 0 1
19%
Nenhum quiz correspondente encontrado
Distribuição das Pontuações
Porcentagem de Pessoas com Cada Pontuação
Percentil de Números Respondidos
Sua Pontuação Histórica
Você não jogou esse quiz desde o último reset